00434 2200181 4500001002100000005001500021035002000036007000300056008004100059020001800100082001000118084002000128100001600148245001900164260003600183300001700219990001600236INLIS00000000000222520260305103725 a0010-0326000173ta260305 g 0 ind  a9786231892188 a2x9.3 a2x9.3 RIZ d.c.10 aRizem Aizid1 aDinasti Umayah aYogyakarta :bDiva Press,c2023 a100 ;c20 cm a2026/P/0247